[Event "40th Olympiad Open"]
[Site "Istanbul TUR"]
[Date "2012.09.07"]
[Round "10.74"]
[Board "4"]
[White "Cecchetti, Roberto"]
[Black "Creswell, Reece"]
[Result "1-0"]
[WhiteElo "1910"]
[BlackElo "1765"]
[WhiteTeam "San Marino"]
[BlackTeam "Us Virgin Islands"]
[WhiteFideId "11800160"]
[BlackFideId "6800262"]
[EventDate "2012.08.28"]

1. d4 e6 2. c4 f5 3. Nc3 Nf6 4. Nf3 c6 5. e3 d5 6. Bd3 Bd6 7. Qc2 O-O 8. b3 Nbd7
9. Bb2 Ne4 10. h3 Ndf6 11. O-O-O a5 12. a3 Qe7 13. c5 Bc7 14. Na4 Bd7 15. Ne5 b5
16. cxb6 Bd6 17. f3 Ng3 18. Rhe1 Bxa3 19. Bxa3 Qxa3+ 20. Qb2 Qe7 21. Kb1 Rfb8
22. Rc1 Qd6 23. Rc5 Be8 24. Rec1 Nd7 25. Rxc6 Qb4 26. Rxe6 Nxe5 27. Rxe5 Bxa4
28. bxa4 Rxb6 29. Bb5 Rab8 30. Qxb4 axb4 31. Rxd5 g6 32. Rdc5 Kg7 33. Kb2 Re6
34. Re5 Rbb6 35. Kb3 Rxe5 36. dxe5 Re6 37. Rc7+ Kh6 38. Rc5 f4 39. e4 Nh1 40.
Kxb4 Nf2 41. Rd5 1-0

[Event "40th Olympiad Open"]
[Site "Istanbul TUR"]
[Date "2012.09.07"]
[Round "10.77"]
[Board "1"]
[White "Meshkov, Yuri A."]
[Black "Al-Modiahki, Mohamad"]
[Result "1-0"]
[WhiteTitle "IM"]
[BlackTitle "GM"]
[WhiteElo "2390"]
[BlackElo "2542"]
[WhiteTeam "IBCA"]
[BlackTeam "Qatar"]
[WhiteFideId "4107101"]
[BlackFideId "12100030"]
[EventDate "2012.08.28"]

1. e4 c5 2. Nf3 Nc6 3. d4 cxd4 4. Nxd4 g6 5. Nc3 Bg7 6. Nb3 Nf6 7. Be2 O-O 8.
O-O d6 9. Re1 a5 10. a4 Be6 11. Bg5 Rc8 12. Bf1 Nb4 13. Nd4 Bc4 14. Bxc4 Rxc4
15. Ndb5 h6 16. Bh4 Qb6 17. Na3 Rc5 18. Ncb5 Rfc8 19. c3 Nc6 20. Qe2 Ne5 21. Kh1
g5 22. Bg3 Qa6 23. f3 Nh5 24. Bf2 Nf4 25. Qf1 Ned3 26. Bxc5 Nxe1 27. g3 Nfd3 28.
Bg1 Nxb2 29. Qxe1 Nxa4 30. Bd4 Bf8 31. c4 Nb6 32. Bxb6 Qxb6 33. Qg1 Rc5 34. Rb1
Qc6 35. Qe1 b6 36. Nd4 Qa4 37. Qe3 Bg7 38. Nf5 Bf8 39. Qb3 Qxb3 40. Rxb3 e6 41.
Ne3 Rc6 42. Kg2 Bg7 43. Nac2 Kf8 44. Kf2 Ke7 45. Ke2 Kd7 46. Kd3 Kc7 47. f4 Kb7
48. Rb1 Ka6 49. Rf1 gxf4 50. gxf4 Rc7 51. Na3 Bb2 52. Nb5 Rd7 53. Rb1 Bf6 54.
Kc2 Bh4 55. Rd1 Be7 56. Rg1 d5 57. exd5 Bc5 58. dxe6 fxe6 59. Rg3 Rf7 60. f5
Bxe3 61. fxe6 Rf4 62. Rxe3 Rxc4+ 63. Kd3 1-0

[Event "40th Olympiad Open"]
[Site "Istanbul TUR"]
[Date "2012.09.07"]
[Round "10.77"]
[Board "2"]
[White "Al-Sayed, Mohammed"]
[Black "Grigorchuk, Sergey"]
[Result "1-0"]
[WhiteTitle "GM"]
[WhiteElo "2517"]
[BlackElo "2298"]
[WhiteTeam "Qatar"]
[BlackTeam "IBCA"]
[WhiteFideId "12100196"]
[BlackFideId "14114879"]
[EventDate "2012.08.28"]

1. d4 e6 2. c4 Bb4+ 3. Bd2 Bxd2+ 4. Qxd2 Nf6 5. Nc3 d5 6. Nf3 O-O 7. g3 dxc4 8.
Bg2 c5 9. dxc5 Nbd7 10. Qd4 Qa5 11. Qxc4 Qxc5 12. Qxc5 Nxc5 13. Rc1 Bd7 14. Ne5
Be8 15. O-O Rb8 16. Rfd1 Ncd7 17. Nc4 Nc5 18. e4 Na4 19. e5 Nxc3 20. Rxc3 Nd5
21. Bxd5 exd5 22. Rxd5 Bc6 23. Rd6 Rbe8 24. f4 Re7 25. Ne3 Rfe8 26. Nf5 Re6 27.
Nd4 1-0

[Event "40th Olympiad Open"]
[Site "Istanbul TUR"]
[Date "2012.09.07"]
[Round "10.78"]
[Board "1"]
[White "Obodchuk, Andrei"]
[Black "Gohil, Mehul"]
[Result "1-0"]
[WhiteTitle "IM"]
[WhiteElo "2399"]
[BlackElo "2072"]
[WhiteTeam "IPCA"]
[BlackTeam "Kenya"]
[WhiteFideId "4114310"]
[BlackFideId "10800999"]
[EventDate "2012.08.28"]

1. d4 d5 2. c4 c6 3. Nc3 Nf6 4. e3 g6 5. Nf3 Bg7 6. h3 O-O 7. Bd3 a6 8. a4 a5 9.
e4 dxe4 10. Nxe4 Nxe4 11. Bxe4 Na6 12. O-O Nb4 13. Bf4 Be6 14. Qe2 Qb6 15. Rad1
Rad8 16. Bb1 Qa6 17. b3 Nd5 18. Bd2 Rfe8 19. Qe1 Nb4 20. Bxb4 axb4 21. Qxb4 Rd6
22. c5 Rd7 23. Bd3 Qa7 24. Bc4 Bd5 25. Ne5 Rdd8 26. Rfe1 f6 27. Bxd5+ cxd5 28.
Ng4 e5 29. dxe5 fxe5 30. Ne3 d4 31. Nc4 Bf8 32. Rxe5 Rxe5 33. Nxe5 Qxc5 34. Qxc5
Bxc5 35. Kf1 Bb4 36. Nd3 Bc3 37. Nc5 b6 38. Ne4 Bb4 39. Ke2 h6 40. Kd3 Rc8 41.
Rb1 Rd8 42. Rc1 Rd5 43. Nf6+ 1-0

[Event "40th Olympiad Open"]
[Site "Istanbul TUR"]
[Date "2012.09.07"]
[Round "10.78"]
[Board "2"]
[White "Atwoli, Joseph"]
[Black "Yarmonov, Igor"]
[Result "0-1"]
[BlackTitle "IM"]
[WhiteElo "2065"]
[BlackElo "2333"]
[WhiteTeam "Kenya"]
[BlackTeam "IPCA"]
[WhiteFideId "10800816"]
[BlackFideId "14114496"]
[EventDate "2012.08.28"]

1. e4 c6 2. d4 d5 3. Nc3 dxe4 4. Bc4 Bf5 5. f3 Nf6 6. fxe4 Nxe4 7. Nxe4 Bxe4 8.
Nf3 e6 9. O-O Be7 10. c3 O-O 11. Qe2 Bf5 12. Bd2 Nd7 13. Rae1 b5 14. Bb3 a6 15.
Kh1 c5 16. dxc5 Nxc5 17. Ne5 Nxb3 18. axb3 Qc7 19. Bf4 Qb7 20. Rd1 Rad8 21. Rxd8
Rxd8 22. Rd1 Rxd1+ 23. Qxd1 f6 24. Nf3 e5 25. Be3 Be6 26. b4 Qd5 27. Qxd5 Bxd5
28. Nd2 f5 29. Kg1 Kf7 30. g3 g5 31. Kf2 f4 0-1

[Event "40th Olympiad Open"]
[Site "Istanbul TUR"]
[Date "2012.09.07"]
[Round "10.78"]
[Board "3"]
[White "Valenta, Vit"]
[Black "Gateri, Martin"]
[Result "1-0"]
[BlackTitle "FM"]
[WhiteElo "2162"]
[BlackElo "2082"]
[WhiteTeam "IPCA"]
[BlackTeam "Kenya"]
[WhiteFideId "307440"]
[BlackFideId "10800174"]
[EventDate "2012.08.28"]

1. b4 e5 2. Bb2 d6 3. g3 Nf6 4. Bg2 Be7 5. d3 c6 6. Nd2 O-O 7. Ngf3 Bg4 8. O-O
Qc8 9. Re1 Bh3 10. Bh1 h6 11. e4 Nbd7 12. c4 Ng4 13. Bg2 Bxg2 14. Kxg2 f5 15.
exf5 h5 16. h3 Nh6 17. d4 Rxf5 18. dxe5 dxe5 19. c5 Qf8 20. Qb3+ Qf7 21. Qxf7+
Nxf7 22. Nc4 Rf8 23. Ne3 Rf6 24. Rad1 Ng5 25. Rxd7 Rxf3 26. Nd1 Bd8 27. Bxe5
R3f7 28. Rxf7 Kxf7 29. f4 Ne6 30. Ne3 Bf6 31. Nc4 Be7 32. f5 Ng5 33. h4 Nh7 34.
Bxg7 Rd8 35. Bc3 Rd5 36. Ne5+ Kg8 37. Ng6 Bf8 38. Ne7+ Bxe7 39. Rxe7 Rd3 40. Be5
Re3 41. Kf2 Re4 42. f6 Nf8 43. Bd6 Re6 44. f7+ Kg7 45. Rxe6 Nxe6 46. f8=Q+ Nxf8
47. Bxf8+ Kxf8 48. g4 hxg4 49. Kg3 a5 50. bxa5 Kg7 51. Kxg4 1-0

[Event "40th Olympiad Open"]
[Site "Istanbul TUR"]
[Date "2012.09.09"]
[Round "11.5"]
[Board "3"]
[White "Felgaer, Ruben"]
[Black "Sokolov, Ivan"]
[Result "1/2-1/2"]
[WhiteTitle "GM"]
[BlackTitle "GM"]
[WhiteElo "2570"]
[BlackElo "2696"]
[WhiteTeam "Argentina"]
[BlackTeam "Netherlands"]
[WhiteFideId "107069"]
[BlackFideId "14400030"]
[EventDate "2012.08.28"]

1. e4 e5 2. Nf3 Nc6 3. Bb5 Nf6 4. d3 d6 5. O-O Bd7 6. Re1 g6 7. d4 Bg7 8. d5 Ne7
9. Bxd7+ Nxd7 10. Be3 h6 11. Nfd2 f5 12. f3 Bf6 13. Bf2 h5 14. c4 h4 15. Nc3 a6
16. b4 Bg5 17. c5 Nf6 18. Nc4 O-O 19. h3 Kg7 20. b5 axb5 21. Nxb5 Ra6 22. Qb3
fxe4 23. fxe4 Nh5 24. cxd6 cxd6 25. a4 Rf7 26. a5 Nc8 27. Qb2 Bf4 28. Ra3 Bg3
29. Bxg3 Nxg3 30. Qd2 Rf4 31. Qd3 Ne7 32. Rb3 Ng8 33. Nc3 Qc8 34. Rb5 Nf6 35.
Nd2 Nd7 36. Ne2 Nc5 37. Qc4 Nxe2+ 38. Rxe2 Qd7 39. Re1 Ra8 40. Rf1 Rxf1+ 41.
Qxf1 Qc7 42. Qe1 Rxa5 43. Rxa5 Qxa5 44. Qxh4 Qxd2 45. Qe7+ Kg8 46. Qe8+ 1/2-1/2

[Event "40th Olympiad Open"]
[Site "Istanbul TUR"]
[Date "2012.09.09"]
[Round "11.5"]
[Board "4"]
[White "Smeets, Jan"]
[Black "Mareco, Sandro"]
[Result "1/2-1/2"]
[WhiteTitle "GM"]
[BlackTitle "GM"]
[WhiteElo "2608"]
[BlackElo "2589"]
[WhiteTeam "Netherlands"]
[BlackTeam "Argentina"]
[WhiteFideId "1007246"]
[BlackFideId "112275"]
[EventDate "2012.08.28"]

1. e4 c5 2. Nf3 e6 3. c4 Nc6 4. Be2 Nf6 5. Nc3 Qb6 6. O-O Be7 7. Rb1 d6 8. a3
Nd4 9. b4 Qd8 10. d3 O-O 11. Nxd4 cxd4 12. Na2 a5 13. Bd2 axb4 14. Bxb4 Bd7 15.
Nc1 e5 16. f4 Ba4 17. Qe1 Nd7 18. Bg4 Nb8 19. Qg3 Nc6 20. Bd1 Qd7 21. Bxa4 Rxa4
22. Nb3 Bf6 23. Nd2 Nxb4 24. axb4 Ra3 25. fxe5 Bxe5 26. Qf3 Qa4 27. Rb2 Ra2 28.
Rxa2 Qxa2 29. Qd1 Qb2 30. b5 Ra8 31. c5 Qxb5 32. Qf3 Rf8 33. cxd6 Bxd6 34. Nc4
Bb8 35. Qf5 Qb4 36. e5 Qc5 37. e6 Qxf5 38. Rxf5 fxe6 39. Rb5 Rf7 40. g3 Kf8 41.
Kg2 h6 42. Rb6 e5 43. Rb5 Ke8 44. Na5 Bc7 45. Nc4 b6 46. Nxb6 Bxb6 47. Rxb6 Ke7
48. Rg6 Kd7 49. h4 Ke7 50. h5 Kf8 51. Re6 Re7 52. Rd6 Kf7 53. Kf3 Re6 54. Rd7+
Kf6 55. Ke4 Ra6 56. g4 Re6 1/2-1/2

[Event "40th Olympiad Open"]
[Site "Istanbul TUR"]
[Date "2012.09.09"]
[Round "11.6"]
[Board "3"]
[White "Nguyen, Duc Hoa"]
[Black "Kvon, Andrey"]
[Result "1-0"]
[WhiteTitle "IM"]
[BlackTitle "IM"]
[WhiteElo "2505"]
[BlackElo "2492"]
[WhiteTeam "Vietnam"]
[BlackTeam "Uzbekistan"]
[WhiteFideId "12401358"]
[BlackFideId "14201356"]
[EventDate "2012.08.28"]

1. Nf3 Nf6 2. c4 e6 3. g3 d5 4. d4 Bb4+ 5. Bd2 Bd6 6. Bg2 O-O 7. O-O c6 8. Qc1
Nbd7 9. Bf4 Bxf4 10. Qxf4 dxc4 11. e4 b5 12. b3 Nb6 13. Rc1 Bb7 14. Nbd2 c3 15.
Nf1 b4 16. a3 a5 17. axb4 axb4 18. Rxa8 Qxa8 19. Ne1 c5 20. dxc5 Nbd7 21. e5
Bxg2 22. exf6 Bxf1 23. Kxf1 Rb8 24. Kg1 Nxf6 25. Ra1 Qb7 26. c6 Qc8 27. c7 Rb7
28. Qc4 Ne8 29. Ra8 Qxa8 30. c8=Q Rb8 31. Q8a6 Qxa6 32. Qxa6 Nf6 33. Qd6 Rc8 34.
Qxb4 h6 35. Qb7 Rc5 36. Nc2 Nd5 37. b4 Rc4 38. b5 Ra4 39. b6 Ra2 40. Qc8+ Kh7
41. b7 1-0

[Event "40th Olympiad Open"]
[Site "Istanbul TUR"]
[Date "2012.09.09"]
[Round "11.7"]
[Board "3"]
[White "Vajda, Levente"]
[Black "Torre, Eugenio"]
[Result "1-0"]
[WhiteTitle "GM"]
[BlackTitle "GM"]
[WhiteElo "2612"]
[BlackElo "2469"]
[WhiteTeam "Romania"]
[BlackTeam "Philippines"]
[WhiteFideId "1203975"]
[BlackFideId "5200016"]
[EventDate "2012.08.28"]

1. e4 e5 2. Nf3 Nc6 3. d4 exd4 4. Nxd4 Bc5 5. Nb3 Bb6 6. Nc3 Nf6 7. Qe2 d6 8.
Be3 Be6 9. O-O-O Qe7 10. f3 O-O-O 11. Bxb6 axb6 12. Nd4 Nxd4 13. Rxd4 Kb8 14.
Qe3 Rhe8 15. Bb5 c6 16. Rhd1 d5 17. Qf4+ Kc8 18. Ra4 Qc7 19. e5 Nd7 20. Ra8+ Nb8
21. Qd4 Bf5 22. g4 Bg6 23. f4 Be4 24. Na4 c5 25. Qe3 Re6 26. Nc3 g5 27. Nxe4
dxe4 28. Rxd8+ Qxd8 29. Qxe4 gxf4 30. Bc4 Re7 31. e6 Qd6 32. Qxh7 Re8 33. Qxf7
Rd8 34. b3 Qd2+ 35. Kb2 Qd4+ 36. Ka3 1-0

[Event "40th Olympiad Open"]
[Site "Istanbul TUR"]
[Date "2012.09.09"]
[Round "11.7"]
[Board "4"]
[White "Paragua, Mark"]
[Black "Nevednichy, Vladislav"]
[Result "0-1"]
[WhiteTitle "GM"]
[BlackTitle "GM"]
[WhiteElo "2508"]
[BlackElo "2554"]
[WhiteTeam "Philippines"]
[BlackTeam "Romania"]
[WhiteFideId "5201241"]
[BlackFideId "1205730"]
[EventDate "2012.08.28"]

1. d4 Nf6 2. Nf3 g6 3. c4 Bg7 4. g3 O-O 5. Bg2 d6 6. O-O c6 7. Nc3 Qa5 8. e4 e5
9. h3 Nbd7 10. Re1 exd4 11. Nxd4 Ne5 12. Bf1 Re8 13. Be3 c5 14. Nb3 Qb4 15. Nd2
a6 16. a3 Qa5 17. f4 Nc6 18. Bg2 Qd8 19. g4 h5 20. g5 Nh7 21. Nf3 Bxc3 22. bxc3
Rxe4 23. Nd2 Re7 24. Ne4 Bxh3 25. Bxh3 Rxe4 26. Qd5 Re7 27. Bd2 Qc7 28. f5 Rxe1+
29. Rxe1 Ne7 30. Qd3 Nxf5 31. Bxf5 gxf5 32. Bf4 Qd7 33. Qd5 Re8 34. Rf1 Re6 35.
Qxf5 Qe7 36. Qd5 Rg6 37. Kh1 Nxg5 38. Rg1 Qe4+ 39. Qxe4 Nxe4 40. Rb1 Rg4 0-1

[Event "40th Olympiad Open"]
[Site "Istanbul TUR"]
[Date "2012.09.09"]
[Round "11.8"]
[Board "4"]
[White "Skoberne, Jure"]
[Black "Ortiz Suarez, Isan Reynaldo"]
[Result "0-1"]
[WhiteTitle "GM"]
[BlackTitle "GM"]
[WhiteElo "2552"]
[BlackElo "2569"]
[WhiteTeam "Slovenia"]
[BlackTeam "Cuba"]
[WhiteFideId "14604299"]
[BlackFideId "3507165"]
[EventDate "2012.08.28"]

1. e4 c5 2. c3 g6 3. d4 cxd4 4. cxd4 d5 5. Nc3 dxe4 6. Bc4 Bg7 7. Qb3 e6 8. Nge2
Nf6 9. Bg5 h6 10. Bxf6 Bxf6 11. O-O O-O 12. Nxe4 Bg7 13. Rfd1 Nc6 14. Qg3 Qb6
15. Qf4 Kh8 16. Nd6 Kg8 17. Rac1 Bd7 18. d5 Ne5 19. dxe6 Bxe6 20. Bxe6 fxe6 21.
Qe3 Qxb2 22. Nf4 Qxa2 23. Rc7 Bh8 24. Re7 Qa4 25. Re1 Qxf4 26. Qxf4 Rxf4 0-1

[Event "40th Olympiad Open"]
[Site "Istanbul TUR"]
[Date "2012.09.09"]
[Round "11.10"]
[Board "4"]
[White "Stocek, Jiri"]
[Black "Howell, David W L"]
[Result "0-1"]
[WhiteTitle "GM"]
[BlackTitle "GM"]
[WhiteElo "2569"]
[BlackElo "2635"]
[WhiteTeam "Czech Republic"]
[BlackTeam "England"]
[WhiteFideId "304760"]
[BlackFideId "410608"]
[EventDate "2012.08.28"]

1. d4 Nf6 2. c4 g6 3. Nc3 d5 4. Nf3 Bg7 5. Bf4 O-O 6. Rc1 Be6 7. Ng5 c5 8. Nxe6
fxe6 9. e3 Qa5 10. Be2 Ne4 11. O-O cxd4 12. Nxe4 dxe4 13. Bxb8 Raxb8 14. exd4
Qxa2 15. Qc2 Bxd4 16. Qxe4 Qxb2 17. Rb1 Qc3 18. Qxe6+ Kh8 19. Bf3 Rxf3 20. gxf3
Qxf3 21. Qxe7 Rf8 22. Qxb7 Bxf2+ 23. Rxf2 Qxf2+ 24. Kh1 Qf5 25. Re1 h5 26. Qxa7
Qf3+ 27. Kg1 Qg4+ 28. Kh1 Qxc4 29. Qa1+ Kg8 30. Qe5 Kh7 31. Qe4 Qa2 32. Qe2 Qg8
33. Qe4 Rf7 34. Kg1 Qf8 35. Qe5 h4 36. Qe4 Qd8 37. Qc4 Qg5+ 38. Kh1 Rf2 39. Qc7+
Kh6 40. Qc6 Qf4 0-1

[Event "40th Olympiad Open"]
[Site "Istanbul TUR"]
[Date "2012.09.09"]
[Round "11.11"]
[Board "1"]
[White "Sutovsky, Emil"]
[Black "Zhigalko, Sergei"]
[Result "1-0"]
[WhiteTitle "GM"]
[BlackTitle "GM"]
[WhiteElo "2687"]
[BlackElo "2667"]
[WhiteTeam "Israel"]
[BlackTeam "Belarus"]
[WhiteFideId "2802007"]
[BlackFideId "13502956"]
[EventDate "2012.08.28"]

1. e4 e5 2. Nf3 Nc6 3. Bb5 a6 4. Ba4 Nf6 5. O-O Be7 6. d3 b5 7. Bb3 O-O 8. a4 b4
9. Nbd2 d6 10. Nc4 h6 11. Be3 Be6 12. h3 Rb8 13. a5 Qc8 14. Nfd2 Qb7 15. Ba4
Rfd8 16. Qe1 Nh5 17. Qe2 Nf6 18. Kh1 Nd7 19. f4 exf4 20. Bxf4 Nde5 21. Bxe5 dxe5
22. Qh5 Bg5 23. Bxc6 Qxc6 24. Nxe5 Qxc2 25. Ndc4 Rxd3 26. Nxd3 Qxd3 27. Ne5 Qxe4
28. Nxf7 Bd5 29. Rf2 Bh4 30. Re2 Qd3 31. Nxh6+ gxh6 32. Qg4+ Kh7 33. Re5 Rg8 34.
Qd7+ Kh8 35. Qxd5 Qc2 36. Qe4 Qxb2 37. Rf1 b3 38. Re8 Bf6 39. Rd1 h5 40. Rxg8+
Kxg8 41. Qe8+ Kg7 42. Qxh5 Be7 43. Qg4+ Kh8 44. Qc8+ Kh7 45. Qxc7 Qe2 46. Rd7 1-0

[Event "40th Olympiad Open"]
[Site "Istanbul TUR"]
[Date "2012.09.09"]
[Round "11.11"]
[Board "4"]
[White "Stupak, Kirill"]
[Black "Avrukh, Boris"]
[Result "1-0"]
[WhiteTitle "GM"]
[BlackTitle "GM"]
[WhiteElo "2523"]
[BlackElo "2605"]
[WhiteTeam "Belarus"]
[BlackTeam "Israel"]
[WhiteFideId "13503758"]
[BlackFideId "2803895"]
[EventDate "2012.08.28"]

1. d4 Nf6 2. c4 g6 3. g3 c6 4. Bg2 d5 5. Nf3 Bg7 6. O-O O-O 7. b3 dxc4 8. bxc4
c5 9. Bb2 cxd4 10. Nxd4 Qb6 11. Qb3 Ng4 12. e3 Nc6 13. Nc3 Nxd4 14. exd4 Qxb3
15. axb3 Bxd4 16. h3 Nf6 17. Rfd1 e5 18. Rxd4 exd4 19. Nb5 Rd8 20. Bxd4 Ne8 21.
Bxa7 Rd3 22. b4 Nd6 23. Nc7 Rxa7 24. Rxa7 Nxc4 25. Ra8 Nb6 26. Rb8 Rc3 27. Nd5
Nxd5 28. Bxd5 Kg7 29. Kg2 Rc7 30. b5 Rc5 31. Bf3 h5 32. h4 Kf6 33. b6 Rc3 34.
Bd5 Rd3 35. Bc4 Rd8 36. Kh2 Ke7 37. Bf1 Ke6 38. Bh3+ f5 39. Bg2 Ke7 40. Bxb7
Bxb7 41. Rxb7+ Kf6 42. Rc7 Rd2 43. Rc6+ Kf7 44. Kg2 Rd3 45. Kf1 f4 46. Ke2 Rd4
47. Kf3 fxg3 48. fxg3 Rg4 49. Kf2 Kg7 50. Ke3 Rxg3+ 51. Kd4 Rb3 52. Kc4 Rb1 53.
Kc5 Rb3 54. Rc7+ Kf6 55. b7 Ke5 56. Rd7 g5 57. hxg5 Kf5 58. Rd5+ Kg6 59. Rd6+ 1-0

[Event "40th Olympiad Open"]
[Site "Istanbul TUR"]
[Date "2012.09.09"]
[Round "11.13"]
[Board "4"]
[White "Halkias, Stelios"]
[Black "Dvirnyy, Daniyyl"]
[Result "0-1"]
[WhiteTitle "GM"]
[BlackTitle "IM"]
[WhiteElo "2574"]
[BlackElo "2520"]
[WhiteTeam "Greece"]
[BlackTeam "Italy"]
[WhiteFideId "4201809"]
[BlackFideId "817570"]
[EventDate "2012.08.28"]

1. Nf3 Nf6 2. c4 c6 3. Nc3 d5 4. d4 e6 5. g3 dxc4 6. Bg2 b5 7. Ne5 Qb6 8. O-O
Bb7 9. a4 a6 10. e4 Nbd7 11. Nxd7 Nxd7 12. d5 e5 13. dxc6 Qxc6 14. Nd5 Bc5 15.
axb5 axb5 16. Rxa8+ Bxa8 17. b4 cxb3 18. Bh3 Nb6 19. Nxb6 Bxb6 20. Ba3 b2 21.
Qd2 Bd4 22. Qb4 Bc5 23. Qxb2 Bxa3 24. Qxa3 Qxe4 25. f3 Qa4 26. Qc5 Qd4+ 27. Qxd4
exd4 28. Re1+ Kd8 29. Re5 Bc6 30. Bf1 Kd7 31. Bxb5 Kd6 32. Rf5 Bd5 33. Bd3 Re8
34. Kf2 Re3 35. Be2 Ra3 36. Rg5 d3 37. Bf1 d2 38. Be2 Rxf3+ 39. Bxf3 Bxf3 0-1

[Event "40th Olympiad Open"]
[Site "Istanbul TUR"]
[Date "2012.09.09"]
[Round "11.14"]
[Board "4"]
[White "Sedlak, Nikola"]
[Black "Korneev, Oleg"]
[Result "1-0"]
[WhiteTitle "GM"]
[BlackTitle "GM"]
[WhiteElo "2549"]
[BlackElo "2581"]
[WhiteTeam "Serbia"]
[BlackTeam "Spain"]
[WhiteFideId "922900"]
[BlackFideId "4156803"]
[EventDate "2012.08.28"]

1. d4 d5 2. Bf4 c5 3. e3 Nc6 4. c3 Nf6 5. Nd2 Bf5 6. Ngf3 e6 7. Qa4 Nd7 8. Bb5
Qc8 9. Ne5 Ncxe5 10. Bxe5 a6 11. Bxd7+ Qxd7 12. Qxd7+ Kxd7 13. dxc5 f6 14. Bd6
Bxd6 15. cxd6 Kxd6 16. Ke2 Rhc8 17. Rhd1 Bc2 18. Rdc1 Ba4 19. c4 dxc4 20. Nxc4+
Rxc4 21. Rxc4 Bb5 22. Rd1+ Ke7 23. Rc1 Rc8 24. Kd3 a5 25. b3 e5 26. a4 Ba6 27.
Kc3 Bxc4 28. bxc4 Rc6 29. Rd1 b6 30. Rd5 Rc5 31. g4 g6 32. f4 Ke6 33. fxe5 fxe5
34. Rd8 h5 35. gxh5 gxh5 36. e4 Kf6 37. h4 Rc6 38. Rf8+ Kg6 39. Rg8+ Kf6 40. Rg5
Rd6 41. Rxh5 Rd4 42. Rh6+ Ke7 43. Rxb6 Rxe4 44. h5 Re3+ 45. Kd2 Rh3 46. h6 Kd7
47. Rg6 e4 48. Ke2 e3 49. Kd3 Rh4 50. Kxe3 Rxc4 51. h7 Rh4 52. Ra6 Kc7 53. Ra8 1-0

[Event "40th Olympiad Open"]
[Site "Istanbul TUR"]
[Date "2012.09.09"]
[Round "11.15"]
[Board "1"]
[White "Grandelius, Nils"]
[Black "Leitao, Rafael"]
[Result "1-0"]
[WhiteTitle "GM"]
[BlackTitle "GM"]
[WhiteElo "2562"]
[BlackElo "2623"]
[WhiteTeam "Sweden"]
[BlackTeam "Brazil"]
[WhiteFideId "1710400"]
[BlackFideId "2101246"]
[EventDate "2012.08.28"]

1. d4 Nf6 2. c4 e6 3. Nf3 Bb4+ 4. Nbd2 O-O 5. a3 Be7 6. e4 d5 7. e5 Nfd7 8. Bd3
c5 9. O-O Nc6 10. Re1 a5 11. Nb3 dxc4 12. Bxc4 Nb6 13. Bf1 cxd4 14. Nbxd4 Bd7
15. Bd3 Nd5 16. Nb5 Qb6 17. Qe2 g6 18. h4 Rfd8 19. h5 Be8 20. Bh6 Na7 21. Nxa7
Qxa7 22. Rad1 Rac8 23. hxg6 fxg6 24. Bc4 b5 25. Bxd5 Rxd5 26. Rxd5 exd5 27. Rd1
Rc4 28. Rxd5 Qc7 29. Nd4 Rc5 30. Ne6 Qc6 31. Rxc5 Bxc5 32. Nxc5 Qxc5 33. Qe4 Qc6
34. Qf4 Bf7 35. e6 1-0

[Event "40th Olympiad Open"]
[Site "Istanbul TUR"]
[Date "2012.09.09"]
[Round "11.15"]
[Board "2"]
[White "Vescovi, Giovanni"]
[Black "Tikkanen, Hans"]
[Result "1/2-1/2"]
[WhiteTitle "GM"]
[BlackTitle "GM"]
[WhiteElo "2617"]
[BlackElo "2570"]
[WhiteTeam "Brazil"]
[BlackTeam "Sweden"]
[WhiteFideId "2100789"]
[BlackFideId "1706446"]
[EventDate "2012.08.28"]

1. d4 d5 2. e3 Bf5 3. c4 c6 4. Nc3 e6 5. Nf3 Nd7 6. Bd3 Bxd3 7. Qxd3 Ngf6 8. O-O
Bb4 9. Bd2 a5 10. a3 Bxc3 11. Bxc3 Ne4 12. a4 O-O 13. Nd2 Ndf6 14. Rfd1 Nxc3 15.
bxc3 b6 16. cxd5 exd5 17. c4 Rb8 18. Rac1 Qe7 19. h3 Rfc8 20. Qb3 c5 21. Nf3
dxc4 22. Qxc4 Ne4 23. Ne5 Qe8 24. Qb5 cxd4 25. Qxe8+ Rxe8 26. Nc6 Nc3 27. Nxb8
Nxd1 28. Rxd1 Rxb8 29. Rxd4 Kf8 30. Rd7 b5 31. axb5 Rxb5 32. Ra7 Rb1+ 33. Kh2
Ra1 34. g4 h6 35. h4 g6 36. h5 gxh5 37. gxh5 Kg7 38. Ra6 a4 39. Kg3 Rg1+ 40. Kf4
Rh1 41. e4 Rh4+ 42. Ke3 Rxh5 43. Rxa4 1/2-1/2

[Event "40th Olympiad Open"]
[Site "Istanbul TUR"]
[Date "2012.09.09"]
[Round "11.16"]
[Board "1"]
[White "Ftacnik, Lubomir"]
[Black "Smerdon, David"]
[Result "1-0"]
[WhiteTitle "GM"]
[BlackTitle "GM"]
[WhiteElo "2532"]
[BlackElo "2507"]
[WhiteTeam "Slovakia"]
[BlackTeam "Australia"]
[WhiteFideId "14900017"]
[BlackFideId "3202305"]
[EventDate "2012.08.28"]

1. Nf3 e6 2. c4 f5 3. g3 Nf6 4. Bg2 d5 5. O-O Bd6 6. d4 c6 7. b3 Qe7 8. Ne5 O-O
9. Nd2 Nbd7 10. Bb2 Ne4 11. Ndf3 a5 12. Qc2 a4 13. Rad1 Nxe5 14. Nxe5 Bxe5 15.
dxe5 b6 16. f3 axb3 17. axb3 Nc5 18. Ra1 Bb7 19. Ba3 Ra6 20. Bb4 Qc7 21. Rxa6
Bxa6 22. f4 Rd8 23. Ra1 Bb7 24. Bxc5 bxc5 25. Bf3 g5 26. h3 gxf4 27. gxf4 Kh8
28. Kh2 Rg8 29. Rg1 Rxg1 30. Kxg1 Qa5 31. Qc1 Ba6 32. Kf2 Qc7 33. Qa3 Qb6 34.
Qc1 Bc8 35. Qg1 Qd8 36. Qa1 Qh4+ 37. Kg2 Qxf4 38. Qa8 Qg5+ 39. Kf1 Qd8 40. Qxc6
dxc4 41. bxc4 Qf8 42. Ke1 Kg7 43. h4 Kh6 44. Kf1 Kg6 45. Kg2 Kh6 46. Kh3 Kg7 47.
Qc7+ Kh6 48. Qa7 Kg6 49. Qc7 Ba6 50. h5+ Kg5 51. Qxh7 Kf4 52. h6 Kxe5 53. Qg7+
Qf6 54. e3 1-0

[Event "40th Olympiad Open"]
[Site "Istanbul TUR"]
[Date "2012.09.09"]
[Round "11.16"]
[Board "2"]
[White "Ly, Moulthun"]
[Black "Petrik, Tomas"]
[Result "1/2-1/2"]
[WhiteTitle "IM"]
[BlackTitle "GM"]
[WhiteElo "2397"]
[BlackElo "2529"]
[WhiteTeam "Australia"]
[BlackTeam "Slovakia"]
[WhiteFideId "3204405"]
[BlackFideId "14901625"]
[EventDate "2012.08.28"]

1. c4 e6 2. Nc3 Nf6 3. e4 d5 4. e5 d4 5. exf6 dxc3 6. bxc3 Qxf6 7. Nf3 e5 8. Bd3
Na6 9. O-O Bd6 10. Re1 O-O 11. Nxe5 Bxe5 12. Qh5 Bxh2+ 13. Qxh2 Bf5 14. Bxf5
Qxf5 15. d4 c5 16. d5 Rae8 17. Bf4 Re4 18. Rxe4 Qxe4 19. Qg3 Re8 20. Qe3 Qxe3
21. fxe3 f6 22. Rb1 b6 23. Kf2 Nb8 24. Bxb8 Rxb8 25. a4 f5 26. a5 Kf7 27. axb6
axb6 28. Kf3 Kf6 29. Ra1 g5 30. Ra7 g4+ 31. Kf2 h5 32. Rc7 h4 33. Rc6+ Ke7 34.
e4 fxe4 35. Rg6 h3 36. Rxg4 hxg2 37. Rxg2 Rh8 38. Ke3 Rh3+ 39. Kxe4 Rxc3 40. Rg6
Rb3 41. Ke5 Re3+ 42. Kf4 Rb3 43. Re6+ Kd7 44. Re3 Rb1 45. Ke5 Rh1 46. Rg3 Re1+
47. Kf5 Rf1+ 48. Ke4 1/2-1/2